| 000 | 00873nam a2200253Ia 4500 | ||
|---|---|---|---|
| 003 | GCL | ||
| 008 | 140319s9999 xx 000 0 ara d | ||
| 020 | _a4058289953 | ||
| 040 |
_aGCL / _cGCL |
||
| 082 | 0 | 4 |
_a210.914 _bج ا |
| 100 | 1 | _aجودى، جاك | |
| 245 | 1 | 0 |
_aالاسلام فى اوروبا / _cجودى، جاك |
| 700 | 1 | _aجوزيف منصور | |
| 250 | _aالاولى | ||
| 260 |
_aبيروت : _bعويدات للنشر والطباعة ، _c2006 |
||
| 300 |
_a232 ص ؛ _c20 سم |
||
| 650 | 0 | 4 | _aالارهاب |
| 650 | 0 | 4 | _aالاسلام والاصلاح الاجتماعى |
| 650 | 0 | 4 | _aالاسلام والاصلاح السياسى |
| 650 | 0 | 4 | _aالاسلام فى اوروبا |
| 650 | 0 | 4 | _aالاسلام والسياسة |
| 650 | 0 | 4 | _aالاسلام - حركات الاحياء والاصلاح والتجديد |
| 942 |
_2ddc _cBK |
||
| 999 |
_c8113 _d8113 |
||